Mots sans consonnes - Statistiques

Statistiques générales
  • Ce quiz a été pris 251 fois
  • Le résultat moyen est 12 sur 22
Statistiques - réponses
Définition Mot % Correct
La en anglais A
97%
H2O Eau
90%
Particule laudative O
90%
Alternative Ou
84%
Mammifère
81%
Cri Aie
81%
Ouille Ay
81%
Affirmatif Oui
81%
Commune picarde Y
68%
Gros oiseau Oie
67%
Article Au
64%
Fleuve côtier Aa
57%
Sens Ouïe
50%
Ville de Normandie Eu
49%
Jouet Yoyo
38%
Jeune des 60's Yéyé
28%
Langue en Chine Yi
24%
Femme de chambre en Inde Aya
15%
Vieilli oiseau domestique Oye
14%
Dialecte Yue
9%
Petit canot Youyou
8%
Lémurien Aye-aye
6%
Aucun quiz correspondant
Distribution des résultats
% des personnes avec chaque résultat
Percentile par nombre de réponses
Votre historique - résultats
Vous n’avez pas pris ce quiz